000 00723cam a2200217 a 4500
020 _a047121504X (acidfree paper)
020 _a9780471215042 (acidfree paper)
020 _a0471658979 (WIE)
020 _a9780471658979 (WIE)
050 0 0 _aQD453.3
_b.S54 2005
100 1 _aSilbey, Robert J.
245 1 0 _aPhysical chemistry.
250 _a4th ed. /
_bRobert J. Silbey, Robert A. Alberty, Moungi G. Bawendi.
260 _aHoboken, NJ :
_bWiley,
_cc2005.
300 _avii, 944 p. :
700 1 _aAlberty, Robert A.
700 1 _aBawendi, Moungi Gabriel,
856 4 2 _uhttp://www.loc.gov/catdir/description/wiley041/2004049164.html
856 4 1 _uhttp://www.loc.gov/catdir/toc/wiley041/2004049164.html
942 _cGEN
999 _c2090
_d2090